000 00874nam a2200265 a 4500
001 1487202
003 OSt
005 20140204081319.0
008 870922s1987 ck b 100 0 spa
020 _a958-625-064-4
040 _cBMC
082 _a980
082 _a303.4838
082 _a306.8
245 0 1 _a¿Adveniente cultura?
_b: seminario, Buenos Aires, 21-27 de abril de 1986
260 _aBogotá
_bConsejo Episcopal Latinoamericano, Sección para la Cultura
_c1987
300 _a299 p.
_c21 cm
490 1 _aDocumentos Celam
_v87
594 _1Precede al tit.: Consejo Episcopal Latinaomericana CELAM
650 2 4 _aTecnología
_zAmérica latina
_xAspectos sociales
_912637
651 2 4 _aAmérica latina
_xCultura
_912638
651 2 4 _912626
_aAmérica latina
_xCivilización
710 1 _912089
_aConsejo Episcopal Latinoamericano
942 _2ddc
_cBK
999 _c6546
_d6546